000 00605cab a2200229 4500
001 X2004
008 090401t1995 xxu||||| |||| 00| 0 eng d
035 _a(Sirsi) u21051
041 _aeng
245 _aColumn: business support
260 _c1995
350 _a0
490 _aCSM (Chartered Surveyor Monthly)
_v4(4) February 1995, 27(1)
650 _aBENCHMARKING
650 _aCENTRE FOR INTERFIRM COMPARISON
650 _aPROFIT MARGINS
650 _aSMALL FIRMS
650 _aSOLE PRACTITIONER
690 _aPROPERTY-PROPERTY FINANCE AND INVESTMENT
942 _n0
948 _c04/03/1997
999 _c14126
_d14126